LIBRARY & INFORMATION CENTRE, KCAET, TAVANUR

ONLINE PUBLIC ACCESS CATALOGUE (OPAC)

Basic civil engineering (Record no. 14091)

MARC details
000 -LEADER
fixed length control field 00341nam a22001337a 4500
020 ## - INTERNATIONAL STANDARD BOOK NUMBER
ISBN 9788170084037
082 ## - DEWEY DECIMAL CLASSIFICATION NUMBER
Classification number 624
Item number PUN/BA
100 ## - MAIN ENTRY--AUTHOR NAME
Personal name Punmia, B.C
245 ## - TITLE STATEMENT
Title Basic civil engineering
260 ## - PUBLICATION, DISTRIBUTION, ETC. (IMPRINT)
Place of publication New Delhi
Name of publisher Laxmi Publications (Pvt.) Ltd.
Year of publication 2012
700 ## - ADDED ENTRY--PERSONAL NAME
Personal name Ashok Kumar Jain
700 ## - ADDED ENTRY--PERSONAL NAME
Personal name Arun Kumar Jain
942 ## - ADDED ENTRY ELEMENTS (KOHA)
Koha item type Books
Holdings
Withdrawn status Lost status Damaged status Collection code Home library Current library Shelving location Date acquired Cost, normal purchase price Full call number Accession Number Koha item type
        KAUAET KAUAET General Stacks 31/03/2014 325.00 624 PUN/BA 24679 Books
        KAUAET KAUAET General Stacks 31/03/2014 325.00 624 PUN/BA 24680 Books
        KAUAET KAUAET General Stacks 31/03/2014 325.00 624 PUN/BA 24681 Books
        KAUAET KAUAET   04/02/2023   624 PUN/BA 24678 Books
free website counter